00442nam a22001577a 4500003000400000082001800004100002000022245002300042260004400065300000700109650001700116653001700133942001200150952010500162999001700267SGT a617.632bL21H aHameed, Aasimah aLip Reconstruction aGurugram, HaryanabSGT Universityc2021 a88 aOral Surgery aOral Surgery 2ddccTH 00102ddc405171aFDbFDd2022-12-22l0o617.632 L21HpDT1394r2022-12-22 00:00:00w2022-12-22yTH c23615d23615